000 00555nam a2200217Ia 4500
003 OSt
005 20220926043750.0
006 a|||||r|||| 00| 0
007 ta
008 220923b |||||||| |||| 00| 0 eng d
037 _cGeneral Book
040 _aRTL
_cRTL
_beng
041 _2eng
_aeng
082 _aP1, J2
100 _aHayakawa S I
_913943
245 0 _aLanguage in thought and action
_b How men use words
260 _c1952
650 _aLinguistics
942 _hP1, J2
_cGB
_2CC
999 _c673129
_d673129